000 00563nam a22001817a 4500
005 20140916105030.0
010 _aENG-110855
020 _a9788175417441
_c150.00
035 _aEN-94387
037 _bDBAD/PUB
082 _a338.92705
245 _aEducation for sustainable development /
_cedited by Rajarshi Roy
260 _aNew Delhi
_bShipra Publications
_c2014
270 _aLG-18-19, Pankaj Central Market, Patparganj
_bNew Delhi
_e110092
300 _ax,166p.
_c22cm(pbk)
700 _aRoy,Rajarshi
942 _2ddc
_cEN
_mEDU
_h338.92705
999 _c88623
_d88623